000
00351pab a2200157 454500
008
180718b2009 xxu||||| |||| 00| 0 eng d
100
_a
Vanitha, B.
245
_a
Street children: facts and issues
260
_c
2009
300
_a
p.24-26.
362
_a
Jun
650
_a
Street children
773
_a
Kurukshetra
908
_a
N
909
_a
82770
999
_c
82770
_d
82770